Surface water supply of the United States, 1933. Part 1, North Atlantic slope basins.

Bibliographic Details
Corporate Author: Geological Survey (U.S.) (Author)
Format: Government Document eBook
Language:English
Published: [Washington, D.C.] : United States Department of the Interior[, Geological Survey], 1935.
Series:Geological Survey water-supply paper ; no. 741.
Subjects:
Online Access:https://purl.fdlp.gov/GPO/gpo109497

MARC

Tag First Indicator Second Indicator Subfields
LEADER 00000cam a2200000 i 4500
001 in00004067913
005 20191021080540.0
006 m o d f
007 cr n||||||||||
008 161027s1935 dcua o f001 0 eng c
035 |a (OCoLC)ocn961274274 
040 |a COP  |b eng  |e rda  |e pn  |c COP  |d OCLCO  |d OCLCF  |d GPO  |d MvI  |d UtOrBLW 
042 |a pcc 
043 |a n-use-- 
049 |a WWW 
074 |a 0625 (online) 
086 0 |a I 19.13:741 
110 2 |a Geological Survey (U.S.),  |e author.  |0 http://id.loc.gov/authorities/names/n80092173 
245 1 0 |a Surface water supply of the United States, 1933.  |n Part 1,  |p North Atlantic slope basins. 
246 3 0 |a North Atlantic slope basins 
264 1 |a [Washington, D.C.] :  |b United States Department of the Interior[, Geological Survey],  |c 1935. 
264 2 |a [Washington, D.C.] :  |b [United States Government Printing Office] 
300 |a 1 online resource (x, 390 pages) :  |b illustrations. 
336 |a text  |b txt  |2 rdacontent 
337 |a computer  |b c  |2 rdamedia 
338 |a online resource  |b cr  |2 rdacarrier 
490 1 |a Geological Survey water-supply paper ;  |v 741 
500 |a "Prepared in cooperation with the States of Connecticut, Maine, Maryland, Massachusetts, New Hampshire, New Jersey, New York, Pennsylvania, Vermont, Virginia, and West Virginia." 
500 |a Includes tables. 
504 |a Includes index. 
588 |a Description based on online resource; title from PDF cover (USGS website, viewed June 11, 2015). 
650 0 |a Water quality  |z Northeastern States. 
650 0 |a Water resources development  |z Northeastern States. 
650 0 |a Water-supply  |z Northeastern States. 
710 2 |a Geological Survey (U.S.),  |e issuing body.  |0 http://id.loc.gov/authorities/names/n80092173 
776 0 8 |i Print version:  |a Grover, Nathan Clifford  |t Surface water supply of the United States, 1933. Part 1, North Atlantic slope basins  |w (OCoLC)20314047 
830 0 |a Geological Survey water-supply paper ;  |v no. 741.  |0 http://id.loc.gov/authorities/names/n86747816 
856 4 0 |u https://purl.fdlp.gov/GPO/gpo109497  |t 0 
999 f f |s 445c0cda-8a0e-3c19-9c40-cb92abbe2f00  |i 8ee661ee-1437-3a74-93c0-404f90a4f454  |t 0 
952 f f |a Texas A&M University  |b College Station  |c Electronic Resources  |d Available Online  |t 0  |e I 19.13:741  |h Superintendent of Documents classification 
998 f f |a I 19.13:741  |t 0  |l Available Online